000 00480cam a22001691 4500
082 _a954.031
_bMAL
100 1 _aMalleson, G. B.
245 1 0 _aRules of India Lord Clive
_cby Colonel Malleson.
250 _a4th thousand.
260 _aOxford,
_bClarendon press,
_c1895.
300 _a188 p.
_bfront. (fold. map)
_c20 cm.
490 0 _aRulers of India
526 _a0
_b0
_c0
_d954_031000000000000_MAL
650 0 _aFrench
_zIndia.
_949776
650 0 _aMCE
_9379
942 _2ddc
_cBK
999 _c553149
_d553149